| 000 | 00816cam a2200253 i 4500 | ||
|---|---|---|---|
| 008 | |||
| 020 | _a0632027800(pbk.) | ||
| 049 | _aMAIN | ||
| 090 |
_aRC48 _bRUB |
||
| 100 | 1 | _aRubenstein, David. | |
| 245 | 1 | 0 |
_aLecture notes on clinical medicine / _c[by] David Rubenstein, David Wayne. |
| 260 |
_aOxford : _bBlackwell Scientific, _c1976. |
||
| 300 |
_ax, 275 p. : _bill. ; _c24 cm. |
||
| 500 | _aDistributed in the U.S.A. by J. B. Lippincott, Philadelphia. | ||
| 504 | _aBibliography: p. 256-258. | ||
| 500 | _aIncludes index. | ||
| 650 | 0 |
_aClinical medicine _xHandbooks, manuals, etc. |
|
| 700 | 1 |
_aWayne, David, _ejoint author. |
|
| 907 |
_a.b10255825 _b30-01-14 _c14-05-08 |
||
| 003 | |||
| 005 | 20230120204001.0 | ||
| 040 | _cNUST | ||
| 942 |
_cBOOKS _kRC48 _mRUB |
||
| 999 |
_c115058 _d115058 |
||